| 000 | 01463cam a22003857a 4500 | ||
|---|---|---|---|
| 003 | CHAP | ||
| 005 | 20250926062750.0 | ||
| 008 | 971013s1977 r 00010 d | ||
| 010 | _a41987 | ||
| 011 | _a42959 | ||
| 035 | _a47089 | ||
| 040 | _cCHAP | ||
| 090 | _aTesis | ||
| 100 | 0 | 0 |
_aEscobedo Salgado, Eduardo. _937555 |
| 245 | 0 | _aFertilización nitrogenada y la fecha de corte para la producción de forraje en una pradera bajo riego de Rhodes (Chloris gayana Kunth) Bermuda NK-37 (Cynodon dactylen L.) y sorgo negro (Sorghum almum P.) | |
| 260 |
_aMonterre, N. L. : _bEl autor, _c1977 |
||
| 300 |
_a56 h. _b; gráfs. |
||
| 502 | _aTesis (Ing. Agr. Zootecnista) -- ITESM. División de Ciencias Agropecuarias y Marítimas | ||
| 590 |
_aALEPH _b10 _c20130110 _lUCH01 _h1311 |
||
| 590 |
_aBATCH-UPD _b10 _c20130110 _lUCH01 _h0250 |
||
| 590 |
_aBATCH-UPD _b10 _c20130110 _lUCH01 _h0942 |
||
| 590 |
_aBATCH-UPD _b10 _c20130410 _lUCH01 _h1406 |
||
| 590 |
_aBATCH-UPD _b10 _c20130914 _lUCH01 _h1318 |
||
| 590 |
_aCONVERSION _b10 _c20130109 _lUCH01 _h1323 |
||
| 650 | 1 | 4 |
_aCynodon dactylon. _930800 |
| 650 | 1 | 4 |
_aFertilizantes nitrogenados. _940596 |
| 650 | 1 | 4 |
_aFertilizantes _xEfecto en pastos. _940536 |
| 650 | 1 | 4 |
_aPastizales _xIrrigación. _985941 |
| 650 | 1 | 7 |
_aPastos forrajeros _xRendimiento _2 _986118 |
| 650 | 1 | 4 |
_aSorgo como forraje. _9108743 |
| 650 | 1 | 4 |
_aZacate Rhodes. _9123398 |
| 901 | _aBK | ||
| 942 | _cTESIS | ||
| 949 |
_bBC _cTES _d-107139 _eTS1 _i47089 _si |
||
| 999 |
_c41987 _d41987 |
||